Ohlédnutí za fluktuačním pásmem koruny

Zrušenie fluktuačného pásma českej koruny (26.5.1997) - definitívny ústup od režimu fixného menového kurzu. Hlavné dôvody rozšírenia fluktuačného pásma vo febr. 1996 bolo: odraziť príliv zahraničného kapitálu, zistiť, ktoré z protismerných kurzových tlakov v platobnej bilancii majú väčšiu váhu, snah...

Descripción completa

Guardado en:
Detalles Bibliográficos
Autor principal: Čihák, Martin
Formato: Capítulo de libro
Lenguaje:checo
Materias:
Etiquetas: Agregar Etiqueta
Sin Etiquetas, Sea el primero en etiquetar este registro!

MARC

LEADER 00000naa a2200000 4500
001 r028024
005 20230922092523.6
041 0 |a cze 
044 |a CZ 
245 1 0 |a Ohlédnutí za fluktuačním pásmem koruny  |c Martin Čihák 
520 |a Zrušenie fluktuačného pásma českej koruny (26.5.1997) - definitívny ústup od režimu fixného menového kurzu. Hlavné dôvody rozšírenia fluktuačného pásma vo febr. 1996 bolo: odraziť príliv zahraničného kapitálu, zistiť, ktoré z protismerných kurzových tlakov v platobnej bilancii majú väčšiu váhu, snahy ČNB získať vládu nad menovým vývojom. 
610 2 0 |a kurz menový 
610 2 0 |a koruna 
610 2 0 |a Česko 
610 2 0 |a pásmo fluktuačné 
610 2 0 |a kapitál zahraničný 
610 2 0 |a bilancia platobná 
610 2 0 |a politika menová 
610 2 0 |a ČNB Praha 
100 1 |a Čihák, Martin